000 00748nam a2200217Ii 4500
003 JO-AjNU
008 230605s9999||||xx |||||||||||||| ||und||
017 _a2002/3/529
040 _aJO-AjNU
_bara
_erda
_cJO-AjNU
041 _aara
050 1 4 _aK5072.S25.2002
100 3 _a السعيد، كامل ,
_eauthor
_925174
245 0 0 _aدراسات جنائية معمقة في الفقة والقانون والقضاء المقارن
250 _aط1
264 3 1 _aعمان : كامل السعيد ، 2002
300 _a354ص
336 _atext
_btxt
_2rdacontent
337 _aunmediated
_bn
_2rdamedia
338 _avolume
_bnc
_2rdacarrier
650 4 _aالقانون الجنائي -- القضاء الجنائي -- الأردن
_925175
999 _aA9381
_c12949
_d12949